[Event "East Lansing (MI Am/4)"]
[Site "?"]
[Date "1992.??.??"]
[Round "?"]
[White "Ball, Ed"]
[Black "Wisckol, Richard"]
[Result "1-0"]
[WhiteElo "1935"]
[BlackElo "1760"]
[PlyCount "75"]
[EventDate "1992.??.??"]

1. b4 Nf6 2. g3 g6 3. Bb2 Bg7 4. Bg2 O-O 5. e4 d6 6. Ne2 e5 7. c4 Na6 8. a3 c5
9. b5 Nc7 10. Nbc3 Ne6 11. f3 Bd7 12. g4 a6 13. a4 h5 14. h3 Ne8 15. O-O hxg4
16. fxg4 Bh6 17. d3 N8c7 18. Bc1 g5 19. Rb1 axb5 20. axb5 Nf4 21. Ng3 Bg7 22.
Nf5 Bxf5 23. gxf5 Ne8 24. Ne2 Ra2 25. Bb2 Nf6 26. Nxf4 gxf4 27. Qb3 Ra8 28. Bf3
Nh7 29. Qc2 Qg5+ 30. Bg4 Nf6 31. Qg2 Ra2 32. Ra1 Rfa8 33. Rxa2 Rxa2 34. Ra1
Rxa1+ 35. Bxa1 Bh6 36. Bc3 Nxg4 37. Qxg4 b6 38. Ba5 1-0

[Event "Detroit (MI Op/3/36)"]
[Site "?"]
[Date "1992.??.??"]
[Round "?"]
[White "Ball, Ed"]
[Black "Proszkow, T."]
[Result "1-0"]
[WhiteElo "1945"]
[BlackElo "1770"]
[PlyCount "93"]
[EventDate "1992.??.??"]

{3/(36)} 1. d4 e6 2. g3 d5 3. Bg2 Nf6 4. a3 c5 5. Nf3 Nc6 6. O-O Bd6 7. dxc5
Bxc5 8. b4 Bd6 9. Bb2 O-O 10. Nbd2 b5 11. Ne1 Bb7 12. Nd3 Rc8 13. Nb3 e5 14.
Ndc5 Bxc5 15. Nxc5 Ba8 16. Qd3 Qb6 17. Rad1 Rfd8 18. Qf5 d4 19. c3 Ne7 20. Qxe5
Bxg2 21. Kxg2 Qc6+ 22. Kg1 dxc3 23. Bxc3 Ned5 24. e3 Nxc3 25. Qxc3 Ne4 26. Nxe4
Qxe4 27. Rd4 Qb7 28. Rfd1 Rxd4 29. Qxd4 h6 30. Qd7 Rc7 31. Qd5 Qb6 32. Qa8+ Kh7
33. Qe4+ Qg6 34. Qxg6+ Kxg6 35. Rd5 Rb7 36. Kg2 Kf6 37. Kf3 Ke6 38. Rc5 Kd6 39.
Ke4 g6 40. g4 a6 41. h4 f6 42. f4 Rb6 43. h5 g5 44. fxg5 fxg5 45. Kf5 Kd7 46.
e4 Rd6 47. Rd5 1-0

[Event "Detroit (MI Op/7/29)"]
[Site "?"]
[Date "1992.??.??"]
[Round "?"]
[White "Ball, Ed"]
[Black "McIntosh, S."]
[Result "1-0"]
[WhiteElo "1945"]
[BlackElo "1870"]
[PlyCount "55"]
[EventDate "1992.??.??"]

{7/(29)} 1. d4 d5 2. c4 e6 3. a3 Nf6 4. e3 c6 5. f4 a6 6. c5 b6 7. b4 a5 8. Bb2
Ba6 9. Bd3 Bxd3 10. Qxd3 Na6 11. b5 Nb8 12. cxb6 Qxb6 13. a4 Nbd7 14. Ne2 Ne4
15. O-O Bb4 16. Nbc3 Ndf6 17. Ba3 O-O 18. Bxb4 axb4 19. Nxe4 Nxe4 20. Rfb1 cxb5
21. Rxb4 Rfb8 22. Nc3 Nxc3 23. Qxc3 Qa6 24. Rab1 Rc8 25. axb5 Rxc3 26. bxa6 Kf8
27. Ra4 Ra7 28. Rb7 1-0

[Event "Detroit (MI Op/5/28)"]
[Site "?"]
[Date "1992.??.??"]
[Round "?"]
[White "Ball, Ed"]
[Black "James, T."]
[Result "1/2-1/2"]
[WhiteElo "1945"]
[BlackElo "1775"]
[PlyCount "110"]
[EventDate "1992.??.??"]

{5/(28)} 1. d4 Nf6 2. Bg5 c5 3. d5 Ne4 4. Bf4 d6 5. f3 Nf6 6. c4 e5 7. Bg5 Be7
8. Bxf6 Bxf6 9. e4 O-O 10. Bd3 g6 11. Ne2 Bg7 12. O-O f5 13. Nbc3 f4 14. g4
fxg3 15. hxg3 Nd7 16. Kg2 a6 17. a4 Nf6 18. a5 Bd7 19. Qb3 Rf7 20. Na4 Bxa4 21.
Rxa4 Nh5 22. Qb6 Qf6 23. b4 cxb4 24. Rxb4 Bf8 25. Qe3 Rc8 26. Rfb1 Rc5 27. Rxb7
Rxa5 28. Rxf7 Qxf7 29. Bc2 Qc7 30. Qb3 Qc5 31. Qc3 Ra3 32. Rb3 Rxb3 33. Bxb3
Nf6 34. Ba4 Qb6 35. Qb3 Qxb3 36. Bxb3 Nd7 37. f4 Nc5 38. Bc2 Bg7 39. f5 gxf5
40. exf5 a5 41. Nc3 Kf7 42. g4 Kf6 43. Kg3 Kg5 44. Nb5 Bf8 45. Nc7 h5 46. gxh5
Kxh5 47. Ne6 Nxe6 48. dxe6 Kg5 49. Kf3 a4 50. Ke4 a3 51. Bb1 Kf6 52. Kd5 a2 53.
Bxa2 Kxf5 54. Bb3 Kf6 55. Bd1 Ke7 1/2-1/2

[Event "East Lansing (MI Am/3)"]
[Site "?"]
[Date "1992.??.??"]
[Round "?"]
[White "Ball, Ed"]
[Black "Choyke, J."]
[Result "1-0"]
[WhiteElo "1935"]
[BlackElo "1605"]
[PlyCount "87"]
[EventDate "1992.??.??"]

1. b4 Nf6 2. Bb2 e6 3. a3 b6 4. c4 Bb7 5. d4 Be7 6. f3 d5 7. e3 Nbd7 8. c5 O-O
9. Qc2 bxc5 10. dxc5 c6 11. Bd3 e5 12. Ne2 Re8 13. Nd2 Bf8 14. e4 d4 15. g4 g6
16. Ng3 Bh6 17. Nc4 Ba6 18. Qb3 Bxc4 19. Bxc4 Qe7 20. Bc1 Bxc1 21. Rxc1 Reb8
22. Qa4 Rc8 23. Ba6 Rc7 24. h4 Nf8 25. h5 Ne6 26. hxg6 fxg6 27. Rc2 Nf4 28.
Rch2 Rd8 29. Bc4+ Kh8 30. Ne2 Nxe2 31. Kxe2 Qf8 32. Qd1 Ra8 33. Ba6 Rd8 34. Kd3
Qe8 35. Qd2 Rdd7 36. Qg5 Ng8 37. Bc4 Rg7 38. Qh4 Qe7 39. g5 a5 40. Qg4 axb4 41.
axb4 Rb7 42. Qc8 Qc7 43. Rxh7+ Rxh7 44. Qxg8# 1-0

[Event "Detroit (MI Op/1b/16)"]
[Site "?"]
[Date "1992.??.??"]
[Round "?"]
[White "Ball, Ed"]
[Black "Burke, Tim"]
[Result "1/2-1/2"]
[WhiteElo "1945"]
[BlackElo "1700"]
[PlyCount "73"]
[EventDate "1992.??.??"]

1. d4 Nf6 2. Bg5 c5 3. dxc5 e6 4. Qd4 Qa5+ 5. b4 Nc6 6. bxa5 Nxd4 7. Bxf6 gxf6
8. Kd1 Bxc5 9. e3 Nc6 10. a6 b6 11. c3 Nb8 12. g3 Nxa6 13. Bg2 Rb8 14. Nd2 d5
15. Ne2 Bd7 16. a4 O-O 17. Nd4 e5 18. Nb5 Bxb5 19. axb5 Nc7 20. Bf1 Rb7 21. Kc2
d4 22. exd4 exd4 23. Bg2 Rbb8 24. c4 Rfd8 25. Kd3 Ne6 26. Rxa7 Bb4 27. Nb3 Nc5+
28. Nxc5 Bxc5 29. Bd5 Rf8 30. Rha1 Rbe8 31. Rd7 Re7 32. Raa7 Rfe8 33. Rac7 Rxd7
34. Rxd7 Re7 35. Rd8+ Kg7 36. Rc8 Ra7 37. Ra8 1/2-1/2

[Event "Detroit (MOR/7/94)"]
[Site "?"]
[Date "1992.??.??"]
[Round "?"]
[White "Baker, T."]
[Black "Thomas, A."]
[Result "1-0"]
[WhiteElo "1605"]
[BlackElo "1605"]
[PlyCount "107"]
[EventDate "1992.??.??"]

{7/(94)} 1. e4 e6 2. d4 d5 3. exd5 exd5 4. Nf3 Nf6 5. Nbd2 Bd6 6. Be2 O-O 7.
O-O Nc6 8. Re1 Re8 9. c3 Bf5 10. Nf1 Qd7 11. Ne3 Be4 12. Ng5 Ne7 13. Nxe4 dxe4
14. c4 c6 15. g3 Bb4 16. Bd2 Bxd2 17. Qxd2 b6 18. Rad1 Rad8 19. Bf1 c5 20. d5
Nc6 21. Nc2 Ne5 22. Bg2 Nxc4 23. Qc3 Nd6 24. b4 Nb5 25. Qb3 Nc7 26. bxc5 bxc5
27. Ne3 Re5 28. d6 Nb5 29. Nc4 Re6 30. Bh3 Nd4 31. Qc3 Nf3+ 32. Kg2 Nxe1+ 33.
Rxe1 Qb7 34. Bxe6 e3+ 35. Kg1 exf2+ 36. Kxf2 fxe6 37. Qf3 Qxf3+ 38. Kxf3 Kf7
39. Re3 Nd5 40. Ra3 Rd7 41. Ne5+ Ke8 42. Nxd7 Kxd7 43. Rxa7+ Kxd6 44. Rxg7 c4
45. Ke4 c3 46. Kd3 e5 47. Rxh7 e4+ 48. Kc2 e3 49. Kd3 e2 50. Kxe2 Nb4 51. a3 c2
52. Kd2 c1=Q+ 53. Kxc1 Nd3+ 54. Kc2 1-0

[Event "Detroit (MOR/4/84)"]
[Site "?"]
[Date "1992.??.??"]
[Round "?"]
[White "Baker, T."]
[Black "Sunts, A."]
[Result "0-1"]
[WhiteElo "1605"]
[BlackElo "1605"]
[PlyCount "104"]
[EventDate "1992.??.??"]

{4/(84)} 1. e4 e5 2. Nf3 d6 3. d4 exd4 4. Nxd4 Be7 5. Be2 Nf6 6. Nc3 O-O 7. O-O
a6 8. h3 c5 9. Nf3 Qc7 10. Bf4 Nbd7 11. Qd2 Ne5 12. Rad1 h6 13. Rfe1 b5 14. a3
Bb7 15. Bf1 Rad8 16. Qe2 Rfe8 17. Nh4 g5 18. Bxe5 dxe5 19. Nf5 Bf8 20. Qf3 Rxd1
21. Rxd1 Re6 22. Qd3 Re8 23. Qe3 b4 24. Nd5 Nxd5 25. exd5 Rd8 26. h4 f6 27. Bc4
Kh8 28. hxg5 fxg5 29. d6 Qh7 30. Qxe5+ Bg7 31. Nxg7 Qxg7 32. Qe2 Bc6 33. Bxa6
bxa3 34. bxa3 Re8 35. Qd3 Qd7 36. Qc3+ Qg7 37. Qxg7+ Kxg7 38. d7 Rd8 39. Rd6
Ba4 40. c4 Rxd7 41. Rxd7+ Bxd7 42. Kf1 Kf6 43. Ke2 Ke5 44. Ke3 Bc6 45. g3 h5
46. Bb5 Bb7 47. a4 h4 48. f4+ gxf4+ 49. gxf4+ Kd6 50. f5 h3 51. f6 h2 52. f7
Ke7 0-1

[Event "Detroit (MOR/5/95)"]
[Site "?"]
[Date "1992.??.??"]
[Round "?"]
[White "Baker, T."]
[Black "Spencer, Gordon"]
[Result "1/2-1/2"]
[WhiteElo "1605"]
[BlackElo "1605"]
[PlyCount "107"]
[EventDate "1992.??.??"]

{5/(95)} 1. e4 c5 2. Nf3 d6 3. d4 cxd4 4. Nxd4 Nc6 5. Nc3 e6 6. Be2 Nf6 7. O-O
Be7 8. Be3 O-O 9. h3 a6 10. Nf3 e5 11. a3 h6 12. Qd2 b5 13. Rfd1 Bb7 14. Ne1
Na5 15. f3 Rc8 16. Bd3 Nc4 17. Qc1 Qc7 18. Bf2 Nxb2 19. Qxb2 Qxc3 20. Qxc3 Rxc3
21. Rdb1 d5 22. exd5 Rxa3 23. Rxa3 Bxa3 24. c4 Be7 25. cxb5 axb5 26. Rxb5 Bxd5
27. Bg3 e4 28. fxe4 Bxe4 29. Rb8 Rxb8 30. Bxb8 Bc5+ 31. Kh2 Bc6 32. Be5 Nd7 33.
Bc3 Bd6+ 34. Kg1 Kf8 35. Kf2 f6 36. Nf3 g5 37. Nd4 Nc5 38. Nxc6 Nxd3+ 39. Kf3
Kf7 40. Nd4 Ne5+ 41. Ke4 Kg6 42. Nf5 Nf7 43. g4 Ba3 44. Ba1 Nd6+ 45. Nxd6 Bxd6
46. Kf3 Kf7 47. Ke4 Ke6 48. Bc3 Be5 49. Be1 Kf7 50. Kf5 Kg7 51. Bf2 h5 52. Be1
h4 53. Bd2 Bf4 54. Bc3 1/2-1/2

[Event "Detroit (MOR/2/107)"]
[Site "?"]
[Date "1992.??.??"]
[Round "?"]
[White "Baker, T."]
[Black "Smith, K."]
[Result "1-0"]
[WhiteElo "1605"]
[BlackElo "1605"]
[PlyCount "115"]
[EventDate "1992.??.??"]

{2/(107)} 1. e4 e5 2. Nf3 d6 3. d4 Bg4 4. dxe5 Bxf3 5. gxf3 Nd7 6. exd6 Bxd6 7.
Be3 Qf6 8. Nc3 Bb4 9. Bf4 Ne5 10. Bxe5 Qxe5 11. Qd3 Bxc3+ 12. Qxc3 Qxc3+ 13.
bxc3 O-O-O 14. Bc4 Nh6 15. Ke2 Rhe8 16. Rhg1 g6 17. Ke3 f5 18. Bd3 fxe4 19.
fxe4 Nf5+ 20. Kf4 Nd6 21. Rae1 Rf8+ 22. Ke3 Nf7 23. f4 c5 24. e5 Rde8 25. Kd2
Rd8 26. e6 Rd6 27. exf7 Rxf7 28. Re4 b5 29. c4 b4 30. Kc1 a5 31. Kb2 a4 32. Rg3
Rd4 33. Rf3 g5 34. f5 g4 35. Rff4 Rxe4 36. Bxe4 h5 37. f6 Kc7 38. Bg6 Rf8 39.
f7 Kd6 40. Re4 h4 41. Re8 Rxf7 42. Bxf7 h3 43. Re3 Kd7 44. Be6+ Ke7 45. Bxg4+
Kf6 46. Bxh3 Kg5 47. Rf3 Kh4 48. Rg3 Kh5 49. Kc1 Kh4 50. Kd2 Kh5 51. Ke3 Kh4
52. Ke4 Kh5 53. Kf4 Kh4 54. Rf3 Kh5 55. Rg3 Kh4 56. Be6 Kh5 57. Rg8 Kh6 58. Kf5
1-0

[Event "Flint (MEX/4)"]
[Site "?"]
[Date "1992.??.??"]
[Round "?"]
[White "Bailey, Greg"]
[Black "Smith, Walt"]
[Result "0-1"]
[WhiteElo "2015"]
[BlackElo "2045"]
[PlyCount "39"]
[EventDate "1992.??.??"]

1. d4 e6 2. c4 c5 3. Nf3 cxd4 4. Nxd4 Nf6 5. Nc3 Bb4 6. Bd2 O-O 7. Nc2 Bxc3 8.
Bxc3 Ne4 9. Bb4 d6 10. Qd4 f5 11. Rd1 Nc6 12. Qe3 Ne5 13. f3 Qh4+ 14. g3 Nxg3
15. hxg3 Qxh1 16. Bxd6 Nxc4 17. Qb3 Nxd6 18. Rxd6 f4 19. g4 Qh4+ 20. Kd1 0-1

[Event "Detroit (MI Op/7/23)"]
[Site "?"]
[Date "1992.??.??"]
[Round "?"]
[White "Bailey, Greg"]
[Black "Smith, Mike A"]
[Result "1/2-1/2"]
[WhiteElo "2000"]
[BlackElo "1815"]
[PlyCount "173"]
[EventDate "1992.??.??"]

{7/(23)} 1. d4 Nf6 2. Nf3 c5 3. d5 g6 4. c4 b5 5. cxb5 a6 6. bxa6 Bxa6 7. Nc3
d6 8. g3 Bg7 9. Bg2 O-O 10. O-O Nbd7 11. a4 Qa5 12. Bd2 Rfb8 13. Qc2 Rb7 14.
Rfe1 Rab8 15. Rab1 Qc7 16. e4 Bc4 17. Bf4 Ne8 18. Nd2 Bb3 19. Nxb3 Rxb3 20. Nb5
R3xb5 21. axb5 Rxb5 22. Bf1 Rb7 23. Bd2 Qb8 24. Bc3 Ndf6 25. Bg2 Nc7 26. f4 Nb5
27. e5 Nxc3 28. bxc3 dxe5 29. Rxb7 Qxb7 30. d6 Qa7 31. fxe5 Ng4 32. c4 Nxe5 33.
dxe7 Qxe7 34. Rb1 Nd7 35. Bd5 Bd4+ 36. Kg2 Ne5 37. Rb7 Qf6 38. Qe2 Kg7 39. h3
Qg5 40. h4 Qf6 41. Qd2 h6 42. Qf4 g5 43. hxg5 hxg5 44. Qd2 Qg6 45. Qe2 g4 46.
Qd2 Qh5 47. Kf1 Qh3+ 48. Qg2 Qxg2+ 49. Kxg2 Kg6 50. Rb1 Kg5 51. Rf1 f5 52. Kh1
Kg6 53. Rb1 Kg5 54. Rb8 Ng6 55. Rg8 Kf6 56. Kh2 Be5 57. Rc8 Bd4 58. Rc6+ Kg7
59. Rc7+ Kf6 60. Rf7+ Kg5 61. Be6 Bf6 62. Kg1 Ne5 63. Rf8 Ng6 64. Rg8 Bd4+ 65.
Kf1 Kf6 66. Re8 Ne7 67. Bg8 Nxg8 68. Rxg8 Be5 69. Kg2 Bd4 70. Kf1 Be5 71. Kf2
Bd4+ 72. Ke2 Be5 73. Kf2 Bd4+ 74. Kg2 Be5 75. Rd8 Kg5 76. Rd5 Bd4 77. Kf1 Kf6
78. Ke2 Ke6 79. Rd8 Be5 80. Rd5 Bd4 81. Kd2 Bf2 82. Kd3 Bg1 83. Kc3 Bf2 84. Kd3
Bg1 85. Rd8 Bf2 86. Re8+ Kf6 87. Rc8 1/2-1/2

[Event "Detroit (MI Op/5/26)"]
[Site "?"]
[Date "1992.??.??"]
[Round "?"]
[White "Bailey, Greg"]
[Black "Paldan, G."]
[Result "0-1"]
[WhiteElo "2000"]
[BlackElo "1810"]
[PlyCount "54"]
[EventDate "1992.??.??"]

{5/(26)} 1. Nf3 d5 2. d4 Nf6 3. c4 e6 4. Nc3 Be7 5. cxd5 exd5 6. Bg5 Nbd7 7.
Qc2 c6 8. e3 O-O 9. Bd3 h6 10. h4 c5 11. Bxf6 Nxf6 12. dxc5 Bxc5 13. O-O-O Be6
14. Bf5 Qc8 15. Bxe6 Qxe6 16. Nd4 Bxd4 17. Rxd4 Rac8 18. Rhd1 Rc5 19. Kb1 Ne4
20. R4d3 Rfc8 21. f3 Nxc3+ 22. Rxc3 Rxc3 23. bxc3 Qb6+ 24. Qb2 Qxe3 25. Kc2 d4
26. Rd3 Qe2+ 27. Kb3 Qxd3 0-1

[Event "Detroit (MI Op/3/42)"]
[Site "?"]
[Date "1992.??.??"]
[Round "?"]
[White "Bailey, Greg"]
[Black "Householder, James"]
[Result "1-0"]
[WhiteElo "2000"]
[BlackElo "1605"]
[PlyCount "75"]
[EventDate "1992.??.??"]

{3/(42)} 1. d4 Nf6 2. c4 c5 3. Nf3 g6 4. Nc3 cxd4 5. Nxd4 Bg7 6. e4 O-O 7. Be3
Nc6 8. Qd2 Ng4 9. Nc2 Nxe3 10. Nxe3 d6 11. g3 Nd4 12. Bg2 a6 13. Nc2 Bh3 14.
Nxd4 Bxg2 15. Rg1 Bh3 16. g4 Qc8 17. f3 Qxc4 18. Nde2 Be5 19. Qh6 Bxg4 20. fxg4
Rac8 21. Rc1 Qb4 22. Qd2 Bf6 23. Rg2 Bxc3 24. Nxc3 Rxc3 25. Rxc3 Qxe4+ 26. Kf2
f5 27. gxf5 Qxf5+ 28. Ke2 Qe4+ 29. Re3 Qxg2+ 30. Kd3 Qd5+ 31. Kc2 Rc8+ 32. Kd1
Qxd2+ 33. Kxd2 Rc7 34. Kd3 Kf7 35. Rf3+ Ke8 36. Rh3 e6 37. Rh6 Kf7 38. Rxh7+
1-0

[Event "Detroit (MI Op/1a/1)"]
[Site "?"]
[Date "1992.??.??"]
[Round "?"]
[White "Bailey, Greg"]
[Black "Finegold, Ben"]
[Result "0-1"]
[WhiteElo "2000"]
[BlackElo "2540"]
[PlyCount "79"]
[EventDate "1992.??.??"]

1. Nf3 Nf6 2. d4 c5 3. d5 d6 4. c4 e5 5. Nc3 Be7 6. g3 O-O 7. Bg2 Ne8 8. O-O g6
9. Bh6 Ng7 10. Qd2 Nd7 11. e4 Nf6 12. h3 Nfe8 13. Kh2 f5 14. Rae1 Bd7 15. Ng5
f4 16. h4 Nf6 17. Bh3 Ng4+ 18. Bxg4 Bxg4 19. gxf4 Rxf4 20. Nxh7 Kxh7 21. Bxf4
exf4 22. Qxf4 Bh5 23. Qe3 Bxh4 24. Ne2 Bf6 25. b3 Qa5 26. a4 Re8 27. Ng3 Bc3
28. Nxh5 Nxh5 29. Rd1 Be5+ 30. f4 Nxf4 31. Rxf4 g5 32. Qh3+ Kg8 33. Qf5 Bxf4+
34. Kg2 Qc3 35. Qg6+ Kf8 36. Qf5+ Ke7 37. Qh7+ Kd8 38. Qxb7 Qg3+ 39. Kf1 Qf3+
40. Ke1 0-1

[Event "Flint (MEX/1)"]
[Site "?"]
[Date "1992.??.??"]
[Round "?"]
[White "Bailey, Greg"]
[Black "Calton, Bill"]
[Result "0-1"]
[WhiteElo "2015"]
[BlackElo "2130"]
[PlyCount "102"]
[EventDate "1992.??.??"]

1. Nf3 Nf6 2. c4 e6 3. d4 d5 4. cxd5 exd5 5. Nc3 Be7 6. Qc2 O-O 7. Bf4 Nh5 8.
Bg3 Nc6 9. a3 f5 10. Be5 Nxe5 11. Nxe5 f4 12. g3 c6 13. Bg2 Bd6 14. Nd3 Qf6 15.
Bf3 Qg6 16. O-O-O Bg4 17. Bxg4 Qxg4 18. Qb3 Qd7 19. Nxd5 Qf7 20. g4 cxd5 21.
gxh5 Rac8+ 22. Kb1 Rfe8 23. Rd2 Rc4 24. h6 Rxd4 25. hxg7 Rde4 26. Nc1 d4 27.
Qxf7+ Kxf7 28. f3 R4e6 29. Rxd4 Kxg7 30. Rhd1 Bc7 31. Rd7+ R8e7 32. R1d4 Kf6
33. Rxe7 Rxe7 34. Kc2 Kg5 35. Rd5+ Kh4 36. Rf5 Kh3 37. Rh5+ Kg2 38. Kd2 Kf1 39.
Rf5 Bb6 40. Rh5 Be3+ 41. Kd1 Bxc1 42. Kxc1 Kxe2 43. Rc5 Kxf3 44. Kd1 Kf2 45. b4
Rd7+ 46. Kc2 f3 47. h4 Kf1 48. Rf5 f2 49. h5 Rg7 50. h6 Rg6 51. Kd2 Kg1 0-1

[Event "Lansing (Apr)"]
[Site "?"]
[Date "1992.??.??"]
[Round "?"]
[White "Bacon, K."]
[Black "Talreja, M."]
[Result "1/2-1/2"]
[WhiteElo "1605"]
[BlackElo "1605"]
[PlyCount "115"]
[EventDate "1992.??.??"]

1. Nf3 d5 2. c4 c6 3. b3 Nf6 4. Bb2 Bg4 5. Bxf6 exf6 6. e3 Bb4 7. a3 Ba5 8. b4
Bc7 9. d4 O-O 10. Be2 Bxf3 11. Bxf3 dxc4 12. O-O Qd6 13. g3 Nd7 14. Nc3 f5 15.
Qe2 b5 16. Bg2 Nf6 17. Qf3 Nd5 18. Nxd5 Qxd5 19. Qxd5 cxd5 20. Bxd5 Rad8 21.
Bg2 Rd6 22. Rac1 Rfd8 23. Rc3 g5 24. f4 g4 25. a4 a6 26. a5 Rc8 27. d5 Bxa5 28.
bxa5 b4 29. Rc2 b3 30. Rc3 Rc5 31. Rb1 Rxa5 32. Rxc4 Rb6 33. Rc6 Rb8 34. d6 b2
35. Kf2 Ra1 36. d7 Rd8 37. Rxb2 Rxd7 38. Rcb6 Kg7 39. Rb1 Rd2+ 40. Kf1 Raa2 41.
Bb7 Rxh2 42. Kg1 Rh3 43. R6b2 Rxg3+ 44. Kf2 Rxb2+ 45. Rxb2 Rh3 46. Rb3 Rh2+ 47.
Kg3 Rh3+ 48. Kg2 h5 49. Bxa6 h4 50. Bf1 Rg3+ 51. Kf2 Rf3+ 52. Ke2 h3 53. Bxh3
Rxh3 54. Kf2 Rf3+ 55. Kg2 Rh3 56. Rd3 Kf6 57. Rd6+ Ke7 58. Rd3 1/2-1/2

[Event "Detroit (MOR/6/109)"]
[Site "?"]
[Date "1992.??.??"]
[Round "?"]
[White "Aydar, S."]
[Black "Ruderman, M."]
[Result "1-0"]
[WhiteElo "1605"]
[BlackElo "1605"]
[PlyCount "159"]
[EventDate "1992.??.??"]

{6/(109)} 1. e4 e5 2. Nc3 Nc6 3. Nf3 Nf6 4. Bc4 d6 5. Ng5 Qd7 6. Nxf7 Rg8 7.
Ng5 Rh8 8. Bf7+ Kd8 9. Ne6+ Ke7 10. Ng5 h6 11. Be6 Qe8 12. Bf7 Qd7 13. Be6 Qe8
14. Nf7 Bxe6 15. Nxh8 g5 16. d3 Bg7 17. Nb5 Kd7 18. Be3 Bxh8 19. h4 a6 20. Nc3
d5 21. hxg5 hxg5 22. Bxg5 Qg6 23. Bxf6 Bxf6 24. g3 d4 25. Ne2 Bg4 26. Qd2 Bg5
27. f4 Bh6 28. O-O-O Bxe2 29. Qxe2 exf4 30. gxf4 Bxf4+ 31. Kb1 Qf7 32. a3 b5
33. Rdf1 b4 34. Rh4 bxa3 35. b3 Rf8 36. Rhxf4 Qxf4 37. Rxf4 Rxf4 38. Qd1 Nb4
39. Qc1 Rf2 40. Qxa3 Rf1+ 41. Kb2 c5 42. Qa5 Kc6 43. Qd8 Rf2 44. Qc8+ Kd6 45.
e5+ Kd5 46. e6 Rxc2+ 47. Kb1 Re2 48. Qd7+ Ke5 49. e7 Re1+ 50. Kb2 Re2+ 51. Kc1
Kf6 52. e8=Q Rxe8 53. Qxe8 Nxd3+ 54. Kc2 Nb4+ 55. Kd2 d3 56. Qf8+ Ke6 57. Qc8+
Ke5 58. Qa8 Nd5 59. Qxa6 Ke4 60. Qc4+ Ke5 61. Kxd3 Nf4+ 62. Ke3 Nd5+ 63. Kf3
Nf6 64. b4 Ne4 65. Qxe4+ Kd6 66. Kf4 Kc7 67. Ke5 Kb6 68. Qc4 Kb7 69. b5 Kb6 70.
Kd6 Ka5 71. Qc3+ Kxb5 72. Qxc5+ Ka4 73. Kc6 Kb3 74. Qd5+ Kb4 75. Qc5+ Kb3 76.
Kb5 Kb2 77. Kb4 Kb1 78. Kb3 Ka1 79. Qc3+ Kb1 80. Qb2# 1-0

[Event "Detroit (MOR/1b/60)"]
[Site "?"]
[Date "1992.??.??"]
[Round "?"]
[White "Aydar, S."]
[Black "Puryear, Douglas"]
[Result "1-0"]
[WhiteElo "1605"]
[BlackElo "1605"]
[PlyCount "67"]
[EventDate "1992.??.??"]

1. e4 e5 2. Nc3 Nc6 3. Nf3 d6 4. Bc4 Be7 5. O-O Nf6 6. d3 Na5 7. Bb5+ c6 8. Ba4
b5 9. Bb3 Nxb3 10. axb3 O-O 11. Be3 a6 12. Na2 Ng4 13. Bd2 c5 14. h3 Nf6 15. b4
Qb6 16. Be3 Nd7 17. Qd2 f6 18. Nh4 Nb8 19. f4 Nc6 20. c3 Be6 21. f5 Bf7 22. Rf3
Kh8 23. Rg3 Rg8 24. Kh1 a5 25. Qe2 axb4 26. Ng6+ Bxg6 27. fxg6 h6 28. Qh5 Rgc8
29. Bxh6 Bd8 30. Be3+ Kg8 31. Qh7+ Kf8 32. Qh8+ Ke7 33. Qxg7+ Ke6 34. Qf7# 1-0

[Event "Detroit (MOR/3/95)"]
[Site "?"]
[Date "1992.??.??"]
[Round "?"]
[White "Aydar, S."]
[Black "Herron, J."]
[Result "0-1"]
[WhiteElo "1605"]
[BlackElo "1605"]
[PlyCount "104"]
[EventDate "1992.??.??"]

{3/(95)} 1. e4 d6 2. Nf3 Nf6 3. Nc3 g6 4. Bc4 Bg7 5. O-O O-O 6. d3 Nc6 7. Be3
Bg4 8. h3 Bd7 9. Qc1 Qc8 10. Kh2 Nh5 11. Nh4 Ne5 12. Nd5 Re8 13. Bg5 Nf6 14.
Nxf6+ Bxf6 15. f4 Bxg5 16. fxg5 Nxc4 17. dxc4 Bc6 18. Qe3 Qe6 19. b3 Qxe4 20.
Qxe4 Bxe4 21. c3 a5 22. Rfe1 Bc6 23. Nf3 e5 24. Nd2 e4 25. Nf1 a4 26. b4 b5 27.
Ne3 bxc4 28. Ng4 Kg7 29. Nf6 Re7 30. a3 h6 31. h4 hxg5 32. hxg5 Re5 33. Re3
Rxg5 34. Nxe4 Re5 35. Rae1 Rae8 36. g3 Rxe4 37. Rxe4 Rxe4 38. Rb1 Re2+ 39. Kg1
Rg2+ 40. Kf1 Rxg3 41. b5 Rxc3 42. bxc6 Rxa3 43. Rb7 c3 44. Ke2 Ra2+ 45. Kd1 Rb2
46. Rxc7 Rb6 47. Rc8 a3 48. c7 Rc6 49. Kc2 a2 50. Ra8 Rxc7 51. Rxa2 d5 52. Ra4
Kf6 0-1

[Event "Detroit (MOR/4/106)"]
[Site "?"]
[Date "1992.??.??"]
[Round "?"]
[White "Aydar, S."]
[Black "Hayes, P."]
[Result "0-1"]
[WhiteElo "1605"]
[BlackElo "1605"]
[PlyCount "30"]
[EventDate "1992.??.??"]

{4/(106)} 1. e4 e5 2. Nc3 Nf6 3. Nf3 d6 4. Bc4 Bg4 5. h3 Bh5 6. d3 Nc6 7. Bg5
Be7 8. O-O Nd4 9. Ne2 Nxf3+ 10. gxf3 Bxf3 11. Bh4 Qd7 12. Kh2 Nh5 13. Bg3 Bg5
14. Rg1 Nf4 15. d4 Nxh3 0-1

[Event "East Lansing (MI Am/2)"]
[Site "?"]
[Date "1992.??.??"]
[Round "?"]
[White "Aydar, A."]
[Black "Winkelspecht, A."]
[Result "1/2-1/2"]
[WhiteElo "1605"]
[BlackElo "1605"]
[PlyCount "69"]
[EventDate "1992.??.??"]

1. b3 c6 2. Bb2 d5 3. e3 Bf5 4. d3 Nd7 5. Nf3 Qc7 6. c4 e6 7. Be2 Bd6 8. Bxg7
O-O-O 9. Bxh8 f6 10. Bxf6 Ngxf6 11. cxd5 cxd5 12. Nbd2 Kb8 13. Rc1 Qa5 14. a4
Nc5 15. O-O Nxd3 16. Bxd3 Bxd3 17. Re1 Bb4 18. Kh1 Ne4 19. Nxe4 Bxe1 20. Nxe1
Bxe4 21. f3 Rf8 22. g4 Qb4 23. Qd4 Qxd4 24. exd4 Bxf3+ 25. Nxf3 Rxf3 26. Re1
Rf6 27. g5 Rg6 28. h4 Kc7 29. Kh2 h6 30. gxh6 Rxh6 31. Kh3 Kd6 32. Kg4 Ke7 33.
Rf1 Rf6 34. Rxf6 Kxf6 35. h5 1/2-1/2

[Event "Detroit (MOR/5/97)"]
[Site "?"]
[Date "1992.??.??"]
[Round "?"]
[White "Aydar, A."]
[Black "Mitchell, C."]
[Result "1-0"]
[WhiteElo "1605"]
[BlackElo "1605"]
[PlyCount "71"]
[EventDate "1992.??.??"]

{5/(97)} 1. d4 d5 2. c4 e6 3. Nc3 Nf6 4. Bg5 Be7 5. Nf3 Nbd7 6. cxd5 exd5 7. e3
c5 8. Bb5 O-O 9. Rc1 cxd4 10. Nxd4 a6 11. Ba4 Qb6 12. Qb3 Qxb3 13. Bxb3 Nc5 14.
Bc2 Be6 15. Nce2 Rad8 16. Bxf6 Bxf6 17. Bxh7+ Kxh7 18. Rxc5 Rc8 19. Rxc8 Rxc8
20. Kd2 Be7 21. Nf4 Bb4+ 22. Ke2 b5 23. a3 Bd6 24. Nd3 Kg8 25. Rc1 Rxc1 26.
Nxc1 Bd7 27. Nd3 a5 28. Kf3 g5 29. h3 f5 30. g4 fxg4+ 31. hxg4 b4 32. axb4 axb4
33. b3 Kf7 34. Nc2 Bb5 35. Ndxb4 Bxb4 36. Nxb4 1-0

[Event "Detroit (MOR/6/81)"]
[Site "?"]
[Date "1992.??.??"]
[Round "?"]
[White "Aydar, A."]
[Black "Hayes, P."]
[Result "1-0"]
[WhiteElo "1605"]
[BlackElo "1605"]
[PlyCount "153"]
[EventDate "1992.??.??"]

{6/(81)} 1. d4 d5 2. c4 Nf6 3. cxd5 Nxd5 4. Nf3 e6 5. e4 Nf6 6. Bg5 Be7 7. Bd3
O-O 8. Nc3 Nbd7 9. Qc2 h6 10. Bd2 c5 11. O-O cxd4 12. Ne2 e5 13. Ng3 Re8 14.
Ne1 Bd6 15. f4 exf4 16. Bxf4 Bxf4 17. Rxf4 Ne5 18. Be2 Qb6 19. Nd3 Ng6 20. Rf3
Nxe4 21. Nxe4 Rxe4 22. Raf1 Bg4 23. R3f2 Bxe2 24. Rxe2 Rxe2 25. Qxe2 Qd6 26. g3
Kf8 27. Qf2 Qd5 28. Nb4 Qd7 29. Rd1 Rd8 30. Nc2 d3 31. Ne1 Qg4 32. Rxd3 Rxd3
33. Nxd3 Qd1+ 34. Qf1 Qxf1+ 35. Kxf1 b6 36. Nb4 Ne5 37. Ke2 Ke7 38. b3 Kd6 39.
h3 f5 40. Ke3 g5 41. Nc2 Kd5 42. a3 h5 43. Ne1 a6 44. Ng2 b5 45. h4 gxh4 46.
Nf4+ Kc5 47. gxh4 Ng4+ 48. Kd3 Nf6 49. b4+ Kd6 50. Kd4 Nd7 51. Nxh5 Ne5 52. Nf4
Nf3+ 53. Ke3 Nxh4 54. Nd3 Kd5 55. Nc5 a5 56. Kf4 axb4 57. axb4 Kc4 58. Na6 Ng2+
59. Kxf5 Ne3+ 60. Kg6 Nd5 61. Kg5 Kd4 62. Kg6 Ke5 63. Kf7 Kd6 64. Ke8 Ne7 65.
Nc7 Kxc7 66. Kxe7 Kc6 67. Ke6 Kc7 68. Kd5 Kb6 69. Kd6 Kb7 70. Kc5 Ka6 71. Kc6
Ka7 72. Kxb5 Kb7 73. Ka5 Ka7 74. b5 Kb7 75. b6 Ka8 76. Ka6 Kb8 77. b7 1-0

[Event "Detroit (MOR/2/116)"]
[Site "?"]
[Date "1992.??.??"]
[Round "?"]
[White "Aydar, A."]
[Black "Eggenberger, Jeffrey"]
[Result "1-0"]
[WhiteElo "1605"]
[BlackElo "1605"]
[PlyCount "71"]
[EventDate "1992.??.??"]

{2/(116)} 1. d4 d5 2. c4 dxc4 3. e4 e6 4. Bxc4 Nf6 5. Nc3 Bb4 6. Qa4+ Nc6 7.
Bg5 Qxd4 8. Bxf6 gxf6 9. Qb3 Qxe4+ 10. Kf1 Nd4 11. Nxe4 Nxb3 12. axb3 b6 13.
Bb5+ Ke7 14. Bc6 Rb8 15. Rxa7 Bd6 16. Nf3 f5 17. Nxd6 Kxd6 18. Bb5 c6 19. Bd3
Rb7 20. Rxb7 Bxb7 21. Ng5 Ra8 22. Ke2 Kc5 23. Nxf7 Kb4 24. Bc2 Ra7 25. Ng5 Ra2
26. Rb1 e5 27. Nxh7 c5 28. g3 Be4 29. Bxe4 fxe4 30. h4 Kxb3 31. h5 Rxb2+ 32.
Rxb2+ Kxb2 33. Nf6 c4 34. Nxe4 c3 35. Nxc3 Kxc3 36. h6 1-0